000 00277nam a22001337a 4500
008 170526b xxu||||| |||| 00| 0 eng d
020 _a0830640339
041 _aeng
080 _a621
100 _a27
101 _aIM
245 _aTELEPHONE
_cBIGELOW, S.J
942 _2udc
_cBK
999 _c14546
_d14546